| 000 | 00453pam a2200181 a 4500 | ||
|---|---|---|---|
| 020 |
_a0721654322 _c4020.00 |
||
| 041 |
_aeng _hNULL |
||
| 082 |
_a618.207543 _bDUB |
||
| 100 | _aDUBOSE , T . | ||
| 245 |
_aFETAL SONOGRAPHY / _cNULL. _hTextual Documents |
||
| 260 |
_aNULL : _bSAUNDERS , _c1996. |
||
| 300 |
_a497 : _bXIII ; _cNULL . |
||
| 365 |
_a4020.00 _e1 |
||
| 907 | _a4140 | ||
| 930 | _a1560 | ||
| 999 |
_c796096 _d796096 |
||
| 650 | _aOBST.GYNE | ||